|
|
|
|
| LEADER |
00000nab a2200000 a 4500 |
| 001 |
vtls000887786 |
| 003 |
SK-MaSNL |
| 005 |
20260318123516.0 |
| 008 |
160405c2004 xo 0 hun |
| 015 |
|
|
|a SNBRB2004/10-30440
|
| 035 |
|
|
|a CLN000239221
|
| 040 |
|
|
|a SNKBUCL
|b slo
|c SNKBUCL
|e AACR2
|
| 041 |
0 |
|
|a hun
|
| 044 |
|
|
|a xo
|c SK
|
| 080 |
|
|
|a 378.4(437.6)(=511.141):371.13(437.6)(=511.141)
|2 1997
|
| 080 |
|
|
|a 371.13(437.6)(=511.141)
|2 1997
|
| 100 |
1 |
|
|a Molnár, Iván
|4 ain
|9 274841
|
| 245 |
1 |
0 |
|a Éles vita a szlovákiai magyar felsőoktatásban
|b Albert Sándor, a komáromi Selye János Egyetem rektora szerint...
|c Molnár Iván ... [et al.]
|
| 300 |
|
|
|b Fotogr.
|
| 610 |
2 |
7 |
|a Univerzita J. Selyeho
|2 snkbucl
|9 178415
|
| 610 |
2 |
7 |
|a Univerzita Konštantína Filozofa v Nitre.
|b Fakulta stredoeurópskych štúdií.
|b Katedra maďarského jazyka a literatúry
|2 snkbucl
|9 180060
|
| 651 |
|
7 |
|a 403
|2 snkbucl
|9 287051
|
| 655 |
|
7 |
|a články z novín a časopisov
|2 snkbucl
|9 267496
|
| 700 |
1 |
|
|a Albert, Sándor,
|d 1943-
|4 aut
|4 uin
|9 92664
|
| 700 |
1 |
|
|a Rácz, Vince,
|d 1976-
|4 aut
|4 ain
|9 840427
|
| 700 |
1 |
|
|a László, V
|4 aut
|4 uin
|9 10521
|
| 700 |
1 |
|
|a Andruška, Peter,
|d 1943-2024,
|4 aut
|4 uin
|9 92598
|
| 700 |
1 |
|
|a Gál, Tibor
|d 1938-
|4 aut
|4 uin
|9 1312825
|
| 773 |
0 |
|
|t Új szó
|g Roč. 57, č. 211 (11.9.2004), s. 9
|
| 850 |
|
|
|a Slovenská národná knižnica v Martine
|
| 852 |
|
|
|a SNK
|b KIS3GCP
|
| 958 |
|
|
|a HU
|
| 958 |
|
|
|a SK
|
| 999 |
|
|
|c 2642004
|d 2643934
|